Johannes Bobrowski : ein Deutscher und der Osten /

Saved in:
Bibliographic Details
Main Author: Koczy, Karol.
Format: Book
Language:German
Published: Sankelmark : Akademie Sankelmark, 1989.
Series:Schriftenreihe der Akademie Sankelmark ; n.F., Heft 68.
Subjects:
Tags: Add Tag
No Tags, Be the first to tag this record!
LEADER 00909aam a2200277 a 4500
001 002024968-3
005 20061127093157.0
008 900319s1989 gw b 000 0 ger
010 |a  90132799  
020 |a 3884170619 
035 0 |a ocm21330976 
040 |a DLC  |c DLC  |d HLS 
043 |a ee----- 
050 0 0 |a PT2603.O13  |b Z725 1989 
082 0 0 |a 838/.91409  |2 20 
100 1 |a Koczy, Karol. 
245 1 0 |a Johannes Bobrowski :  |b ein Deutscher und der Osten /  |c Karol Koczy. 
260 |a Sankelmark :  |b Akademie Sankelmark,  |c 1989. 
300 |a 62 p. ;  |c 21 cm. 
490 1 |a Schriftenreihe der Akademie Sankelmark ;  |v n.F., Heft 68 
504 |a Includes bibliographical references. 
600 1 0 |a Bobrowski, Johannes,  |d 1917-1965  |x Knowledge  |z Europe, Eastern. 
651 0 |a Europe, Eastern  |x In literature. 
830 0 |a Schriftenreihe der Akademie Sankelmark ;  |v n.F., Heft 68. 
988 |a 20020608 
906 |0 DLC